000 00195 a2200097 4500
001 7243
100 _aBrow
245 _aTelecommunication
260 _a
_bchapman & HAll
_c
090 _c5971
_d5971
942 _aNUST-CAE
_cM
_c32457
999 _c242316
_d242316